Astronomy and astrophysics for the 1970's (Record no. 4335)

MARC details
000 -LEADER
fixed length control field 00638nam a2200193Ia 4500
003 - CONTROL NUMBER IDENTIFIER
control field IN-BaIIA
008 - FIXED-LENGTH DATA ELEMENTS--GENERAL INFORMATION
fixed length control field 211028s9999 xx 000 0 eng d
020 ## - INTERNATIONAL STANDARD BOOK NUMBER
International Standard Book Number 0-309-02029-8
040 ## - CATALOGING SOURCE
Transcribing agency IIA Library
080 ## - UNIVERSAL DECIMAL CLASSIFICATION NUMBER
Universal Decimal Classification number 52
Item number NAS
110 ## - MAIN ENTRY--CORPORATE NAME
Corporate name or jurisdiction name as entry element United States. National Academy of Sciences
245 #0 - TITLE STATEMENT
Title Astronomy and astrophysics for the 1970's
Remainder of title vol. 1, report of the astronomy survey committee
Statement of responsibility, etc. edited by Harvey Brooks
260 ## - PUBLICATION, DISTRIBUTION, ETC.
Place of publication, distribution, etc. Washington
Name of publisher, distributor, etc. National Academy of Sciences
Date of publication, distribution, etc. 1972
300 ## - PHYSICAL DESCRIPTION
Extent xvii, 136p.
650 ## - SUBJECT ADDED ENTRY--TOPICAL TERM
Topical term or geographic name entry element Astronomy
9 (RLIN) 80
650 ## - SUBJECT ADDED ENTRY--TOPICAL TERM
Topical term or geographic name entry element Astronomy and astrophysics thesaurus
700 ## - ADDED ENTRY--PERSONAL NAME
Personal name Brooks, Harvey., ed.
9 (RLIN) 7608
942 ## - ADDED ENTRY ELEMENTS (KOHA)
Koha item type Books
Holdings
Withdrawn status Lost status Damaged status Not for loan Home library Current library Shelving location Date acquired Cost, normal purchase price Total Checkouts Full call number Barcode Date last seen Cost, replacement price Price effective from Koha item type Purchase Price
        IIA Library-Bangalore IIA Library-Bangalore General Stacks 20/11/1973 43.15   52/ NAS 4840 05/11/2021 43.15 20/11/1973 Books Rs. 43.15

Powered by Koha